Culture Générale - Série 708 - Statistiques

Statistiques générales
  • Ce quiz a été pris 185 fois
  • Le résultat moyen est 7 sur 10
Statistiques - réponses
Question Réponse % Correct
Avec quelle lettre doit-on écrire "5", en chiffres en romain ? V
100%
Quel tropique traverse le golfe du Mexique ? Le tropique du Cancer
90%
Quel cachet apposé sur un passeport est nécessaire pour séjourner dans certains pays étrangers ? visa
88%
Dans quel État des États-Unis, le président John Fitzgerald Kennedy a-t-il été assassiné, en 1963 ? Texas
84%
De quel État des États-Unis Sacramento est-elle la capitale ? Californie
78%
Chez le chat, quelle partie de la patte est rétractile ? griffes
78%
Dans quel pays se situe la baie d'Along ? Viêtnam
77%
Dans quel département français, qui porte le numéro 24, se situe la grotte de Lascaux ? Dordogne
69%
Quel est le nom du commissaire, prénommé Antoine, créé par Frédéric Dard ? San Antonio
52%
D'après une chanson des Chaussettes noires, quelle fille peut "jouer avec l'amour, sans risquer de se brûler un jour" ? Daniela
30%
Aucun quiz correspondant
Distribution des résultats
% des personnes avec chaque résultat
Percentile par nombre de réponses
Votre historique - résultats
Vous n’avez pas pris ce quiz